les villes de Turquie - Statistiques

Statistiques générales
  • Ce quiz a été pris 2 065 fois
  • Le résultat moyen est 35 sur 78
Statistiques - réponses
Hint Réponse % Correct
7 Ankara
95%
37 Istanbul
93%
8 Antalya
87%
38 Izmir
86%
1 Adana
81%
72 Trabzon
74%
18 Bursa
72%
49 Konya
72%
30 Gaziantep
66%
43 Kayseri
64%
64 Samsun
64%
55 Mersin
62%
69 Sivas
60%
25 Edirne
59%
76 Van
59%
62 Rize
58%
23 Diyarbakir
54%
28 Erzurum
54%
78 Yozgat
54%
54 Mardin
53%
2 Adiyaman
52%
29 Eskisehir
52%
53 Kahramanmaras
52%
22 Denizli
51%
34 Hatay
51%
19 Canakkale
49%
51 Malatya
49%
16 Bolu
48%
41 Kars
48%
74 Sanliurfa
48%
12 Balikesir
47%
60 Ordu
47%
27 Erzincan
46%
56 Mugla
46%
5 Aksaray
44%
21 Corum
44%
58 Nevsehir
44%
68 Sinop
44%
79 Zonguldak
44%
6 Amasya
43%
3 Afyonkarahisar
42%
4 Agri
42%
11 Aydin
42%
31 Giresun
42%
36 Isparta
39%
57 Mus
39%
71 Tokat
39%
10 Artvin
38%
26 Elazig
38%
52 Manisa
37%
59 Nigde
36%
70 Tekirdag
36%
40 Karaman
35%
32 Gumushane
33%
42 Kastamonu
33%
47 Kirsehir
33%
9 Ardahan
32%
45 Kirikkale
32%
61 Osmaniye
32%
75 Usak
32%
77 Yalova
32%
33 Hakkari
31%
15 Bitlis
30%
35 Igdir
30%
73 Tunceli
30%
14 Bingol
29%
50 Kutahya
29%
20 Cankiri
27%
24 Duzce
27%
48 Kocaeli
27%
13 Bilecik
26%
17 Burdur
26%
63 Sakarya
26%
65 Siirt
26%
46 Kirklareli
25%
67 Sirnak
24%
44 Kilis
22%
39 Karabuk
19%
Aucun quiz correspondant
Distribution des résultats
% des personnes avec chaque résultat
Percentile par nombre de réponses
Votre historique - résultats
Vous n’avez pas pris ce quiz